| 000 | 00675nam a2200277 a 4500 | ||
|---|---|---|---|
| 003 | AR-BaBNM | ||
| 005 | 20251128202752.0 | ||
| 008 | 082120s2002 ||||||||||||||000 | spa|| | ||
| 040 | _cAR-BaBNM | ||
| 100 | 1 | _aMujica Láinez, Manuel | |
| 245 | 0 | 0 | _aEl laberinto |
| 250 | _a3ª ed. | ||
| 260 |
_aBuenos Aires _bSudamericana _c1978 |
||
| 300 | _a293 p. | ||
| 650 | 4 | _aLITERATURA ARGENTINA | |
| 650 | 4 | _aSIGLO DIECISIETE | |
| 650 | 4 | _aCOSTUMBRES Y TRADICIONES | |
| 650 | 4 | _aESCRITORES | |
| 653 | _aNARRATIVA | ||
| 653 | _aEPOCA COLONIAL | ||
| 653 | _aNOVELA HISTORICA | ||
| 653 | _aHISTORIA ESPAÑOLA | ||
| 655 | _aLITERATURA | ||
| 942 | _cBK | ||
| 998 | _cMARTIN | ||
| 999 |
_c480 _d480 |
||